favorite crime - Olivia Rodrigo (All Lyrics) - Statistics

General Stats
  • This quiz has been taken 130 times
  • The average score is 190 of 218
Answer Stats
Lyrics % Correct
you
100%
You
100%
I
99%
a
97%
crime
97%
favorite
97%
we
95%
do
94%
that
94%
the
94%
The
94%
was
94%
hope
92%
mine
92%
your
92%
Your
92%
all
91%
All
91%
an
91%
did
91%
on
91%
my
90%
so
90%
things
90%
with
90%
And
88%
and
88%
call
88%
could
88%
face
88%
it
88%
Just
88%
smile
88%
to
88%
'Cause
87%
'Cause,
87%
but
86%
But
86%
damage
86%
hate
86%
think
86%
what
86%
broke,
85%
broke
85%
doin'
85%
goin'
85%
Oh,
85%
Well,
85%
were
85%
about
83%
down,
83%
every
83%
It's
82%
look
82%
became
81%
heart
81%
made
81%
me
81%
say
81%
loved
79%
Know
78%
know
78%
like
78%
trouble
78%
baby,
77%
bittersweet
77%
hands
77%
One
77%
as
74%
bad
74%
bloody
74%
let
74%
treat
74%
honey
73%
Yeah,
73%
everything
72%
four
72%
you're
72%
friends
71%
again
69%
time
69%
crossed
67%
defended
67%
now
67%
used
67%
alibi
65%
around
65%
I'd
65%
if
65%
scene
65%
we'd
65%
wonder
65%
line
64%
siren
64%
watched
63%
buried
62%
fled
60%
sounds
60%
accomplice,
59%
willing
58%
eyed
54%
Doe-
50%
No matching quizzes found
Score Distribution
Percent of People with Each Score
Percentile by Number Answered
Your Score History
You have not taken this quiz